000 00767cam a2200229 a 4500
003 PILC
005 20160105151052.0
008
020 _a9781609414115
050 0 0 _aPR 9199.4
_b.Y696 2011
100 1 _aYoung, William P.
245 1 4 _aThe shack :
_bwhere tragedy confronts eternity : a novel /
_cby Wm. Paul Young ; in collaboration with Wayne Jacobsen and Brad Cummings.
250 _a1st Mass market ed.
260 _aNewbury Park, Calif. :
_bWindblown Media,
_c2007.
300 _axviii, 279 pages ;
_c18 cm.
650 0 _aLife change events
_vFiction.
650 0 _aMissing children
_vFiction.
651 0 _aOregon
_vFiction.
700 1 _aJacobsen, Wayne.
700 1 _aCummings, Brad.
942 _2lcc
_cBK
_kFOR
999 _c289035
_d289035